Sports Quiz

Random Sports or Basketball Quiz

Charlotte Hornets All-Time Leaders Quiz Stats

 Plays Quiz Updated May 17, 2018

Score 0/50 Timer 06:00
4 Plays Today
Category Name % Correct
PointsLarry Johnson
80.4%
ReboundsLarry Johnson
80.4%
StealsMarvin Williams
78.4%
ReboundsAlonzo Mourning
75.6%
BlocksAlonzo Mourning
75%
StealsKemba Walker
69.6%
PointsKemba Walker
69%
AssistsMuggsy Bogues
67.3%
StealsMuggsy Bogues
67.3%
AssistsBaron Davis
63.3%
ReboundsMichael Kidd-Gilchrist
60.9%
PointsGlen Rice
59.8%
PointsDell Curry
58.9%
StealsDell Curry
58.9%
AssistsKemba Walker
58.8%
PointsEmeka Okafor
58.6%
PointsGerald Wallace
51.3%
ReboundsGerald Wallace
51.3%
StealsGerald Wallace
51.3%
BlocksGerald Wallace
51.3%
BlocksMarvin Williams
50.1%
ReboundsKemba Walker
49.8%
PointsMuggsy Bogues
48.4%
ReboundsMarvin Williams
48%
BlocksCody Zeller
47.1%
Category Name % Correct
AssistsDell Curry
46.6%
ReboundsEmeka Okafor
45.4%
BlocksEmeka Okafor
45.4%
ReboundsCody Zeller
42.7%
AssistsLarry Johnson
36.2%
AssistsNicolas Batum
36.1%
AssistsDavid Wesley
35.5%
StealsBaron Davis
35.2%
PointsGerald Henderson
34.3%
AssistsRaymond Felton
31.7%
StealsRaymond Felton
31.7%
PointsRaymond Felton
28.9%
StealsKendall Gill
27.2%
AssistsD.J. Augustin
25.8%
AssistsBrevin Knight
25.7%
StealsBrevin Knight
24.8%
BlocksVlade Divac
24.7%
StealsDavid Wesley
24.7%
BlocksMichael Kidd-Gilchrist
19.3%
ReboundsAnthony Mason
19.2%
PointsDavid Wesley
16.7%
BlocksBismack Biyombo
15.3%
ReboundsElden Campbell
12.8%
BlocksElden Campbell
12.8%
BlocksKenny Gattison
7.6%

You're not logged in!

Compare scores with friends on all Sporcle quizzes.
OR
Log In

Sporcle TV

Today on Sporcle TV


Watch our educational content, quiz creation guides, and fun videos on Sporcle TV.

Show Comments

Extras

Top Quizzes Today


Score Distribution

Your Account Isn't Verified!

In order to create a playlist on Sporcle, you need to verify the email address you used during registration. Go to your Sporcle Settings to finish the process.

Report this User

Report this user for behavior that violates our Community Guidelines.

Details: